Geography Quiz

Random Geography or World Quiz

Closest Countries to Finland Quiz Stats

 Plays Quiz Updated May 20, 2018

Challenge
Share
Tweet
Embed
Score 0/20 Timer 03:00
2 Plays Today
Distance Country % Correct
829 kmGermany
97.6%
702 kmDenmark
95.4%
1,176 kmUnited Kingdom
95.1%
633 kmPoland
94.1%
211 kmLatvia
92.4%
57 kmEstonia
91.6%
379 kmLithuania
90.5%
1,471 kmFrance
89.8%
1,136 kmNetherlands
87.7%
1,370 kmBelgium
86.4%
Distance Country % Correct
1,300 kmAustria
85.2%
484 kmBelarus
84.2%
876 kmUkraine
83.9%
1,107 kmCzechia
83.4%
1,156 kmSlovakia
81.1%
1,252 kmHungary
80.5%
1,445 kmLuxembourg
77.1%
1,297 kmRomania
73.6%
1,472 kmSlovenia
68.9%
1,281 kmMoldova
61.3%

You're not logged in!

Compare scores with friends on all Sporcle quizzes.
OR
Log In

You Might Also Like...

Show Comments

Extras

Top Quizzes Today


Score Distribution

Your Account Isn't Verified!

In order to create a playlist on Sporcle, you need to verify the email address you used during registration. Go to your Sporcle Settings to finish the process.

Report this User

Report this user for behavior that violates our Community Guidelines.

Details: